CLIMATE CHANGE AND FOOD PRODUCTION CHALLENGES (Record no. 216224)

MARC details
000 -LEADER
fixed length control field 00486nam a22001577a 4500
008 - FIXED-LENGTH DATA ELEMENTS--GENERAL INFORMATION
fixed length control field 251120b |||||||| |||| 00| 0 eng d
020 ## - INTERNATIONAL STANDARD BOOK NUMBER
International Standard Book Number 979-8-88715-005-5
100 ## - MAIN ENTRY--PERSONAL NAME
Personal name DUNNE, MARIE
245 ## - TITLE STATEMENT
Title CLIMATE CHANGE AND FOOD PRODUCTION CHALLENGES
260 ## - PUBLICATION, DISTRIBUTION, ETC.
Place of publication, distribution, etc. DUBLIN
Name of publisher, distributor, etc. ORYSON PRESS
Date of publication, distribution, etc. 2024
300 ## - PHYSICAL DESCRIPTION
Extent X, 275P.
500 ## - GENERAL NOTE
General note INCLUDES INDEX
650 ## - SUBJECT ADDED ENTRY
Topical term or geographic name entry element 1.CLIMATE CHANGE - AGRICULTURAL ASPECTS 2. FOOD SUPPLY - EFFECTS OF CLIMATE CHANGE
942 ## - ADDED ENTRY ELEMENTS (KOHA)
Source of classification or shelving scheme Library of Congress Classification
Koha item type Long Loan Book
Holdings
Withdrawn status Lost status Source of classification or shelving scheme Damaged status Not for loan Collection Home library Current library Shelving location Date acquired Inventory number Total checkouts Full call number Barcode Date last seen Copy number Price effective from Koha item type
    Library of Congress Classification     Science & Technology Kisii University Library Kisii University Library On Display 11/20/2025 109930   S 494. 5 .C55 2023 000000001739 11/20/2025 C.1 11/20/2025 Long Loan Book
    Library of Congress Classification     Science & Technology Kisii University Library Kisii University Library On Display 11/20/2025 109931   S 494. 5 .C55 2023 000000001740 11/20/2025 C.2 11/20/2025 Long Loan Book
    Library of Congress Classification     Science & Technology Kisii University Library Kisii University Library On Display 11/20/2025 109932   S 494. 5 .C55 2023 000000001741 11/20/2025 C.3 11/20/2025 Long Loan Book
    Library of Congress Classification     Science & Technology Kisii University Library Kisii University Library On Display 11/20/2025 109933   S 494. 5 .C55 2023 000000001742 11/20/2025 C.4 11/20/2025 Long Loan Book